Rocketeer.

Guardat en:
Dades bibliogràfiques
Autor principal: Stevens, Dave (autor)
Format: Llibre
Publicat: Barcelona, España: Ediciones Zinco, 1991.
Matèries:
Etiquetes: Afegir etiqueta
Sense etiquetes, Sigues el primer a etiquetar aquest registre!

MARC

LEADER 00000nam a22000007a 4500
003 CL-VaPUC
005 20250407202455.0
008 250319t1991 ||||| |||| 00| 0 spad
999 |c 447484  |d 447482 
020 |a 9788486871802 
020 |a 84-86871-80-8 
040 |c Pontificia Universidad Católica de Valparaíso 
082 7 |2 22  |a 741.5973 STE 1991 
100 1 |a Stevens, Dave   |e autor  |9 897190 
245 |a Rocketeer.  
246 |a Rocketeer.   |b El comic que ha inspirado el film. 
260 |a Barcelona, España:  |b Ediciones Zinco,   |c 1991. 
300 |a 71 páginas :  |b ilustraciones. 
500 |a c.1. Instituto Arcos 8-1-2025. 
583 |c 20250319  |k Cristina María Rojas Aguilar 
650 0 |a Cómics  |9 369534 
650 0 |a Superhéroes  |x Cómics  |9 897191 
942 |2 ddc  |c BK  |n 0 
952 |0 0  |1 0  |2 ddc  |4 0  |6 741_597300000000000_STE_1991  |7 0  |8 A  |9 601576  |a BIBINC  |b BIBINC  |d 2025-03-19  |e Instituto Arcos   |i 5666469  |l 1  |o 741.5973 STE 1991  |p 5666469  |r 2025-04-09  |s 2025-04-04  |t 1  |w 2025-03-19  |y BK  |k IFP